000 01815nam0a2200361 4500
001 RU\NLR\BIBL_A\012213635
005 20200228121034.0
010 _a978-5-9906167-9-0
_950
021 _aRU
_bКН-П-19-101513
_9КН-П-19-7468
035 _a(NLR Aleph) 012213635
035 _a(RuMoRGB)010214305
090 _a10896571
_c10896571
100 _a20200210d2019 u y0rusy50 ca
101 0 _arus
102 _aRU
105 _aag||j|||000zy
181 0 _ai
_baxxe
182 0 _an
200 1 _aВоспитание ступеневого и стилевого слуха: некоторые вопросы
_eметодическое пособие по сольфеджио для преподавателей детских музыкальных школ и музыкальныых колледжей
_fКончакова Т.А.
_gМинистерство культуры Республики Карелия, ГБПОУ РК "Петрозаводский музыкальный колледж им. К.Э. Раутио"
203 _aТекст
_bвизуальный
_cнепосредственный
210 _aПетрозаводск
_cПетрозаводский музыкальный колледж им. К.Э. Раутио
_d2019
215 _a28 с.
_cнот., табл.
_d21
320 _aБиблиогр.: с. 24-25 (28 назв.)
606 1 _aСольфеджио
_jМетодические пособия
_xПреподавание
_92203950
_3RU\NLR\AUTH\661324236
686 1 _aЧ426.67-9я8
686 1 _aЧ476.67я8
686 1 _aЩ310.701р-3я8
700 1 _aКончакова
_bТ. А.
_gТатьяна Александровна
942 _cBOOK
980 _aNBR
980 _aNB